| 000 | 00507nam a22001697a 4500 | ||
|---|---|---|---|
| 005 | 20231108093715.0 | ||
| 008 | 231108b |||||||| |||| 00| 0 eng d | ||
| 020 | _a0702126756 | ||
| 041 | _aEnglish | ||
| 082 | _a346.5 MID | ||
| 100 |
_aMidgley, JR _lEnglish |
||
| 245 |
_aLawyers' Professional Liability / _cJR Midgley |
||
| 260 |
_aCape Town : _bJuta and Company Ltd, _c1992 |
||
| 300 |
_bxxxi, 207 pages ; _c25,5 cm. |
||
| 650 |
_aLegal practice _bLaw |
||
| 942 |
_cBK _6ALISON_BN_VRIES |
||
| 999 |
_c410 _d410 |
||